La discusión del punto 2 : (Record no. 59615)

MARC details
000 -LEADER
campo de control de longitud fija 01734nam a2200349 i 4500
005 - FECHA Y HORA DE LA ÚLTIMA TRANSACCIÓN
campo de control 20240829035003.0
008 - DATOS DE LONGITUD FIJA--INFORMACIÓN GENERAL
campo de control de longitud fija 181030s2018 ck o gr 000 0 spa d
020 ## - NÚMERO INTERNACIONAL ESTÁNDAR DEL LIBRO
Número Internacional Estándar del Libro 9789581804535 (obra completa)
020 ## - NÚMERO INTERNACIONAL ESTÁNDAR DEL LIBRO
Número Internacional Estándar del Libro 9789581804559 (tomo III)
040 ## - FUENTE DE CATALOGACIÓN
Centro catalogador/agencia de origen COMFC
Lengua de catalogación spa
Normas de descripción rda
082 04 - NÚMERO DE LA CLASIFICACIÓN DECIMAL DEWEY
Número de clasificación 303.6609861
Número de ítem O23b3
110 2# - ENTRADA PRINCIPAL--NOMBRE DE ENTIDAD CORPORATIVA
Nombre de entidad corporativa o nombre de jurisdicción como elemento de entrada Colombia.
Unidad subordinada Presidencia de la República.
-- Oficina del Alto Comisionado para la Paz.
245 13 - MENCIÓN DEL TÍTULO
Título La discusión del punto 2 :
Resto del título participación política: apertura democrática para construir la paz, 01 jun. 2013 al 06 nov. 2013 /
Mención de responsabilidad, etc. Presidencia de la República. Oficina del Alto Comisionado para la Paz ; fotografía Juan Pablo Bello, César Carrión, Javier Casella [y otros].
264 01 - PRODUCCIÓN, PUBLICACIÓN, DISTRIBUCIÓN, FABRICACIÓN Y COPYRIGHT
Producción, publicación, distribución, fabricación y copyright Bogotá :
Nombre del de productor, editor, distribuidor, fabricante Presidencia de la República. Oficina del Alto Comisionado para la Paz,
Fecha de producción, publicación, distribución, fabricación o copyright 2018.
300 ## - DESCRIPCIÓN FÍSICA
Extensión 377 páginas :
Otras características físicas fotografías ;
Dimensiones 22 cm.
336 ## - TIPO DE CONTENIDO
Fuente rdacontent
Término de tipo de contenido txt
337 ## - TIPO DE MEDIO
Fuente rdamedia
Nombre/término del tipo de medio n
338 ## - TIPO DE SOPORTE
Fuente rdacarrier
Nombre/término del tipo de soporte nc
490 0# - MENCIÓN DE SERIE
Mención de serie Biblioteca del proceso de paz con las FARC-EP ;
Designación de volumen o secuencia 3
610 24 - PUNTO DE ACCESO ADICIONAL DE MATERIA--NOMBRE DE ENTIDAD CORPORATIVA
Nombre de entidad corporativa o nombre de jurisdicción como elemento de entrada Fuerzas Armadas Revolucionarias de Colombia
Subdivisión general Negociaciones de paz
Subdivisión cronológica 2013.
650 #0 - PUNTO DE ACCESO ADICIONAL DE MATERIA--TÉRMINO DE MATERIA
Término de materia o nombre geográfico como elemento de entrada Construcción de la paz
Subdivisión geográfica Colombia
Subdivisión cronológica 2013.
9 (RLIN) 54958
650 #4 - PUNTO DE ACCESO ADICIONAL DE MATERIA--TÉRMINO DE MATERIA
Término de materia o nombre geográfico como elemento de entrada Proceso de paz
Subdivisión geográfica Colombia
Subdivisión cronológica 2013.
650 #0 - PUNTO DE ACCESO ADICIONAL DE MATERIA--TÉRMINO DE MATERIA
Término de materia o nombre geográfico como elemento de entrada Participación Política
Subdivisión geográfica Colombia
Subdivisión cronológica 2013.
9 (RLIN) 25973
700 1# - ENTRADA AGREGADA--NOMBRE PERSONAL
Nombre de persona Bello, Juan Pablo,
Término indicativo de función/relación pht
700 1# - ENTRADA AGREGADA--NOMBRE PERSONAL
Nombre de persona Carrión, César
Término indicativo de función/relación pht
9 (RLIN) 54954
700 1# - ENTRADA AGREGADA--NOMBRE PERSONAL
Nombre de persona Casella Escobar, Javier,
Término indicativo de función/relación pht
700 1# - ENTRADA AGREGADA--NOMBRE PERSONAL
Nombre de persona Lemus, Edwin,
Término indicativo de función/relación pht
700 1# - ENTRADA AGREGADA--NOMBRE PERSONAL
Nombre de persona Nieto, Omar,
Término indicativo de función/relación pht
700 1# - ENTRADA AGREGADA--NOMBRE PERSONAL
Nombre de persona Piscov, Andrés
Término indicativo de función/relación pht
9 (RLIN) 54957
830 ## - PUNTO DE ACCESO ADICIONAL DE SERIE-TÍTULO UNIFORME
9 (RLIN) 54890
Título uniforme Dotación MinCultura y BNC - Sala de Patrimonio Bibliográfico y Documental de Risaralda
942 ## - ELEMENTOS DE ENTRADA SECUNDARIOS (KOHA)
Fuente del sistema de clasificación o colocación Clasificación Decimal Dewey
Parte de la signatura que corresponde a la clasificación (Parte de la clasificación) 303.6609861 O23b3
Prefijo de la signatura 303.6609861
Sufijo de la signatura O23b3
Holdings
Estatus retirado Estado de pérdida Fuente del sistema de clasificación o colocación Estado de daño No para préstamo Colección Biblioteca de origen Biblioteca actual Ubicación en estantería Fecha de adquisición Fuente de adquisición Total de préstamos Signatura topográfica completa Código de barras Visto por última vez Copia número Precio de reemplazo Tipo de ítem Koha
    Clasificación Decimal Dewey     General BIBLIOTECA HUGO ANGEL JARAMILLO BIBLIOTECA HUGO ANGEL JARAMILLO Colección general 19/09/2023 Dotación Min y Cultura BNC   303.6609861 O23b3 61846 19/09/2023 Ej. 1 19/09/2023 Libros

Powered by Koha